LEADER 01224nam--2200409---450- 001 990001617400203316 005 20050330103242.0 035 $a000161740 035 $aUSA01000161740 035 $a(ALEPH)000161740USA01 035 $a000161740 100 $a20040429d1971----km-y0itay0103----ba 101 $aita 102 $aIT 105 $a||||||||001yy 200 1 $aFermenti nei seminari del primo '900$fMaurilio Guasco 210 $aBologna$cEdizione Dehoniane$d1971 215 $a255 p.$d21 cm 225 2 $a<> nostri profeti$v4 410 0$12001$a<> nostri profeti$v4 454 1$12001 461 1$1001-------$12001 606 $aSeminari$xStoria$z1870-1910 676 $a207 700 1$aGUASCO,$bMaurilio$0155121 801 0$aIT$bsalbc$gISBD 912 $a990001617400203316 951 $aII.2. 574(III A coll. 115/4)$b76288 L.M.$cIII A 959 $aBK 969 $aUMA 979 $aSIAV9$b10$c20040429$lUSA01$h1113 979 $aSIAV9$b10$c20040429$lUSA01$h1115 979 $aPATRY$b90$c20040802$lUSA01$h1006 979 $aPATRY$b90$c20040802$lUSA01$h1007 979 $aCOPAT5$b90$c20050330$lUSA01$h1032 996 $aFermenti nei seminari del primo '900$9166926 997 $aUNISA LEADER 01072nam--2200349---450- 001 990006010950203316 005 20150224121540.0 010 $a0-313-26188-1 035 $a000601095 035 $aUSA01000601095 035 $a(ALEPH)000601095USA01 035 $a000601095 100 $a20071219d1988----km-y0itay50------ba 101 0 $aeng 102 $aGB 105 $a||||||||001yy 200 1 $aFood and nutrition in the Middle East, 1970-1986$ean annotated bibliography$fcompiled by Gail G. Harrison, Osman M. Galal, and Mary E. Mohs 210 $aNew York$cGreenwood Pr.$d1988 215 $aVIII, 258 p.$d24 cm 606 0 $aNutrizione 676 $a363.8 700 1$aHARRISON,$bGail G.$0619945 701 1$aGALAL,$bOsman M.$0619946 701 1$aMOHS,$bMary E.$0619947 801 0$aIT$bsalbc$gISBD 912 $a990006010950203316 951 $aXVII.2958$b1952 DBC$cXVII$d363753 959 $aBK 969 $aDBC 979 $aPASSARO$b90$c20150224$lUSA01$h1215 996 $aFood and nutrition in the Middle East, 1970-1986$91076924 997 $aUNISA